000 00406nam a22001337a 4500
008 230228b |||||||| |||| 00| 0 eng d
020 _a0140124152.
050 _aPS3573.A425 1980
100 _aWalker, Alice
_937276
245 _aThe temple of my familiar
_cAlice, Walker
260 _aLondon:
_bPenguin books in association with women's press,
_c1980
300 _a257p.;
_c18cm.
942 _2lcc
_cMONOGRAPH
999 _c131641
_d131641